| 000 | 01197cam a22003617a 4500 | ||
|---|---|---|---|
| 003 | CHAP | ||
| 005 | 20220329133144.0 | ||
| 008 | 971013s1992 r 00010 d | ||
| 010 | _a2803 | ||
| 011 | _a3775 | ||
| 035 | _a2976 | ||
| 040 | _cCHAP | ||
| 090 | _aTesis | ||
| 100 | 0 | 0 |
_aMolina Flores, Carmen. _977348 |
| 245 | 0 | _aRespuesta del maíz al encalado en suelos ácidos (alfisoles y andisoles) en el Estado de México | |
| 260 |
_aChapingo, Méx. : _bLos autores, _c1992 |
||
| 300 | _a84 h. | ||
| 502 | _aTesis (Ing. Agr. Esp. en Suelos) --UACH. Departamento de Suelos | ||
| 590 |
_aALEPH _b10 _c20130110 _lUCH01 _h1213 |
||
| 590 |
_aBATCH-UPD _b10 _c20130110 _lUCH01 _h1850 |
||
| 590 |
_aBATCH-UPD _b10 _c20130410 _lUCH01 _h1220 |
||
| 590 |
_aBATCH-UPD _b10 _c20130914 _lUCH01 _h1747 |
||
| 590 |
_aCONVERSION _b10 _c20130109 _lUCH01 _h1303 |
||
| 650 | 1 | 4 |
_aMaíz _xRendimiento. _971051 |
| 650 | 1 | 4 |
_aMaíz _zMéxico (Edo.). _971099 |
| 650 | 1 | 4 |
_aSuelos calcáreos. _9110539 |
| 650 | 1 | 4 |
_aSuelos y cultivos. _9110571 |
| 650 | 1 | 4 |
_aSuelos _xAcidez. _9110192 |
| 700 | 0 |
_aDomínguez García, Rosendo. _933814 |
|
| 901 | _aBK | ||
| 942 | _cTESIS | ||
| 949 |
_bBC _cTES _d-12484 _eTS1 _h24897 _i2976 _si |
||
| 999 |
_c2803 _d2803 |
||